Groups process and practice

Bewaard in:
Bibliografische gegevens
Hoofdauteur: Corey, Marianne Schneider
Andere auteurs: Corey, Gerald
Formaat: Boek
Taal:English
Gepubliceerd in: Belmont, CA Thomson Brooks/Cole 2006
Editie:7th ed
Onderwerpen:
Tags: Voeg label toe
Geen labels, Wees de eerste die dit record labelt!
Thư viện lưu trữ: Trung tâm Học liệu Lê Vũ Hùng, Trường Đại học Đồng Tháp
LEADER 00783pam a22002538a 4500
001 00023796
005 20171026081023.0
008 110630s2006 ||||||engsd
020 # # |a 0495005738 
041 0 # |a eng 
082 1 4 |a 616.89  |b GR400U 
100 1 # |a Corey, Marianne Schneider 
245 1 0 |a Groups  |b process and practice  |c Marianne Schneider Corey, Gerald Corey 
250 # # |a 7th ed 
260 # # |a Belmont, CA  |b Thomson Brooks/Cole  |c 2006 
300 # # |a 460 p.  |c 24 cm. 
504 # # |a p.440-453 
650 # 4 |a Nhóm tâm lý 
650 # 4 |a Tập đoàn tư vấn 
700 1 # |a Corey, Gerald 
852 # # |b Kho đọc  |j KD.0008034 
852 # # |j KD.0008034 
910 0 # |a Ntuyet  |d 30/06/2011 
980 # # |a Trung tâm Học liệu Lê Vũ Hùng, Trường Đại học Đồng Tháp